000 nam a22 7a 4500
999 _c18841
_d18841
008 170114b xxu||||| |||| 00| 0 eng d
050 _aNC 730 .Z38 1961
100 _aLaliberte, Norman
245 _aSilhouettes, shadows and cutouts/
260 _aNwe York, NY.:
_bReinhold Book Corporation,
_cc1961.
300 _a112p.:
_bill :
_c21cm.
700 _aMogelon, Alex.
942 _2lcc
_cBOOKS
_hNC 730 .Z38 1961